000 00449nam a22001697a 4500
003 OSt
005 20251022041522.0
008 251022b |||||||| |||| 00| 0 eng d
020 _a9781423153962
040 _aDWC-Main Lib.
_cOC
082 _aFic. R585n 2011
100 _aRIORDAN, RICK
245 _aThe son of neptune/
_cRIORDAN, RICK
260 _aNew York :
_bDisney.,
_cc2011.
300 _a521 p. ;
_c21 cm.
942 _2ddc
_cFIC.
_hFic.
_n0
999 _c5014
_d5014